| 000 | 00706nam a2200181 a 4500 | ||
|---|---|---|---|
| 008 | 130911s2012 ||||||||||||||||| || u | ||
| 020 | _a9781846685903 | ||
| 050 | _aHD 31 SYR | ||
| 100 | _aDevine, Marion | ||
| 245 | 1 | 0 |
_aManaging uncertainty: strategies for surviving and thriving in turbulent times _cby Michel Syrett and Marion Devine |
| 260 |
_aLondon: _bProfile Books Ltd _c2012 |
||
| 300 | _axiv, 210p.: ill. | ||
| 650 | _aMANAGEMENT STRATEGIES | ||
| 650 | _aFINANCIAL CRISIS | ||
| 650 | 0 | _aMANAGERIAL ECONOMICS | |
| 700 | _aSyrett, Michel | ||
| 995 |
_FCBU-MAIN LIBRARY (Kitwe) _M1 _UAVAILABLE _WOct 10, 2013 _ZMain Library Open Access Collection |
||
| 999 |
_c50250 _d50250 |
||